00869nam a2200265Ia 4500003000400000005001700004008004100021020003000062040001700092082002000109100002500129245011700154250006300271260003000334300003200364500001900396650003000415700001900445700001800464700002000482700002300502700002600525700002600551700002600577IIN20250505112028.0231217s9999 xx 000 0 und d cRs.2795.00a9788131262917 aIINbEnglish a610.73677 bHAR aHarding, Mariann M. 1 aLewis's Medical-Surgical Nursing:bassessment and management of clinical problems/cMariann M. Harding...[et al] a4th South Asia edbAdapted Edited by- Chintamani...[et al] bElsevieraNew Delhic2022 axxv, 842p. / V.1bcol. ill. aIncludes Index1 aMedical SurgicalvNursing1 aKwong, Jeffrey1 aHagler, Debra1 aRoberts, Dottie1 aReinisch, Courtney1 aChintamani, M S (ed.)1 aGopichandran, L (ed.)1 aMrinalini, Mani (ed.)